Tilastot visalle Ruotsinkieliset naisten nimet

Klikkaa tästä pelataksesi tätä visaa!

Yleistilastot

  • Tätä visaa on pelattu 611 kertaa
  • Keskiarvotulos 184 / 398

Vastaustilastot

Nimi% Oikein
G1Ann
93%
G1Anni
87%
G1Anna
86%
G1Anne
85%
G1Ada
84%
G8Hanna
82%
G13Maria
82%
G5Emma
80%
G5Ella
79%
G6Fanny
79%
G9Ida
78%
G14Nina
78%
G3Cecilia
77%
G5Emilia
77%
G9Isa
77%
G10Julia
76%
G12Lisa
76%
G20Ulla
76%
G5Ellen
75%
G12Lotta
75%
G15Olivia
75%
G19Tina
75%
G13Maj
74%
G18Sara
74%
G1Annika
73%
G5Elin
73%
G10Johanna
73%
G14Nora
73%
G15Olga
73%
G16Paula
73%
G18Sofia
72%
G1Amanda
71%
G5Elli
71%
G5Eva
71%
G12Lena
71%
G12Linda
71%
G12Linn
71%
G1Alma
70%
G4Daniela
70%
G5Elisabet
70%
G9Isabel
70%
G12Laura
70%
G23Åsa
69%
G12Linnea
69%
G17Rosa
69%
G18Sanna
69%
G2Birgit
68%
G13Mia
68%
G16Pia
68%
G18Saga
68%
G5Erika
67%
G5Ester
67%
G3Camilla
66%
G9Isabella
66%
G12Lina
66%
G13Mona
66%
G14Nea
66%
G18Susanna
66%
G1Adele
65%
G1Alina
65%
G1Ava
65%
G2Birgitta
65%
G5Elina
65%
G5Elsa
65%
G6Flora
65%
G7Gun
65%
G8Hilda
65%
G11Kristina
65%
G13Matilda
65%
G13Minna
65%
G14Nanna
65%
G18Sylvia
65%
G19Tove
65%
G5Ebba
64%
G8Heidi
64%
G13Maja
64%
G6Frida
63%
G9Ina
63%
G10Jenna
63%
G10Jenny
63%
G21Vivi
63%
G1Astrid
62%
G19Tea
62%
G1Aino
61%
G1Amalia
61%
G11Kia
61%
G13Märit
61%
G13Marit
61%
G13Milla
61%
G19Tilda
61%
G5Elvi
60%
G7Greta
60%
G9Irene
60%
G10Jessica
60%
G10Jonna
60%
G11Karin
60%
G16Petra
60%
G18Sonja
60%
G21Vera
60%
G1Anneli
59%
G3Charlotta
59%
G5Elise
59%
G8Helena
59%
G9Inga
59%
G9Ingrid
59%
G9Ira
59%
G12Lea
59%
G19Tanja
59%
G20Ulrika
59%
G9Irma
58%
G16Paulina
58%
G17Rakel
58%
G17Rut
58%
G22Ylva
58%
G1Anita
57%
G3Charlotte
57%
G5Elma
57%
G5Else
57%
G8Hannele
57%
G9Iris
57%
G18Susanne
57%
G1Alexandra
56%
G1Amelia
56%
G1Anja
56%
G4Diana
56%
G5Elvira
56%
G5Evelina
56%
G8Hilma
56%
G11Krista
56%
G12Lovisa
56%
G12Lydia
56%
G13Marianne
56%
G13Marta
56%
G13Märta
56%
G13Mira
56%
G1Alva
55%
G10Josefin
55%
G11Katarina
55%
G12Lisbet
55%
G17Rita
55%
G21Viola
55%
G2Brita
54%
G3Carita
54%
G9Ines
54%
G12Lilli
54%
G13Marika
54%
G13Minea
54%
G17Ronja
54%
G1Aurora
53%
G5Eleonora
53%
G10Joanna
53%
G12Laila
53%
G12Leila
53%
G13Margareta
53%
G21Viktoria
53%
G1Agnes
52%
G1Aina
52%
G1Annina
52%
G1Asta
52%
G4Doris
52%
G5Erin
52%
G7Gabriella
52%
G7Gunilla
52%
G10Janina
52%
G11Karolina
52%
G13Margit
52%
G18Sandra
52%
G18Stella
52%
G1Alice
51%
G1Amelie
51%
G8Helga
51%
G11Kajsa
51%
G12Lia
51%
G12Lilian
51%
G12Lilja
51%
G13Melissa
51%
G14Nadja
51%
G19Teresa
51%
G2Barbara
50%
G2Beata
50%
G2Berta
50%
G3Carla
50%
G10Josefina
50%
G18Selma
50%
G18Signe
50%
G18Silja
50%
G20Ursula
50%
G21Vivian
50%
G12Liv
49%
G21Vanessa
49%
G3Carina
48%
G5Edit
48%
G11Klara
48%
G12Lenita
48%
G12Luna
48%
G13Melina
48%
G13Mikaela
48%
G2Britt
47%
G6Fredrika
47%
G7Gertrud
47%
G10Jasmine
47%
G13Madeleine
47%
G14Ninni
47%
G1Agneta
46%
G3Carola
46%
G4Dora
46%
G5Elna
46%
G14Nelly
46%
G18Sofie
46%
G22Yvonne
46%
G1Agata
45%
G2Berit
45%
G7Gerd
45%
G10Jutta
45%
G13Magdalena
45%
G13Marie
45%
G13Marita
45%
G1Annette
44%
G2Bettina
44%
G2Bianca
44%
G4Dorotea
44%
G5Emmy
44%
G9Inger
44%
G10Juliana
44%
G11Kerstin
44%
G11Kira
44%
G18Siv
44%
G6Felicia
43%
G8Henrika
43%
G10Janica
43%
G10Judit
43%
G13Mary
43%
G13Monika
43%
G18Stina
43%
G2Barbro
42%
G2Beatrice
42%
G10Jannika
42%
G10Jennifer
42%
G13Marina
42%
G13Mette
42%
G16Pernilla
42%
G17Rea
42%
G17Rebecka
42%
G7Gerda
41%
G8Hillevi
41%
G12Livia
41%
G2Britta
40%
G13Malin
40%
G16Patricia
40%
G3Christine
39%
G4Dagmar
39%
G9Ilse
39%
G12Lily
39%
G12Louise
39%
G8Hellevi
38%
G8Hildur
38%
G11Kristel
38%
G13Melinda
38%
G18Saima
38%
G18Siri
38%
G6Freja
37%
G7Gunnel
37%
G8Henrietta
37%
G16Pamela
37%
G18Saimi
37%
G21Wilma
37%
G2Belinda
36%
G5Eira
36%
G7Gunvor
36%
G21Veronika
36%
G1Alicia
35%
G3Caroline
35%
G7Gretel
35%
G13My
35%
G21Valborg
35%
G21Verna
35%
G21Vilhelmina
35%
G6Filippa
34%
G13Mirjam
34%
G2Benita
33%
G3Celina
33%
G4Disa
33%
G5Emelie
33%
G7Gunhild
33%
G8Hildegard
33%
G12Lova
33%
G1Angela
32%
G5Ellinor
32%
G5Erna
32%
G12Lucia
32%
G1Andrea
31%
G1Augusta
31%
G3Cassandra
31%
G3Claudia
31%
G12Leona
31%
G13Martina
31%
G13Moa
31%
G17Ragna
31%
G18Sally
31%
G22Yrsa
31%
G1Agda
30%
G1Arla
30%
G8Hedvig
30%
G13Molly
30%
G14Naomi
30%
G1Angelika
29%
G1Angelina
29%
G4Dorrit
29%
G5Etel
29%
G7Götä
29%
G10Jeanette
29%
G13Miranda
29%
G18Sigrid
29%
G18Synnöve
29%
G19Tilde
29%
G6Fransiska
28%
G8Harriet
28%
G14Nicole
28%
G17Ragnhild
28%
G1Alfhild
27%
G2Bernice
27%
G7Gudrun
27%
G7Gustava
27%
G8Hildegerd
27%
G8Hjördis
27%
G9Ingeborg
27%
G9Irmelin
27%
G10Juni
27%
G14Natalie
27%
G14Noomi
27%
G14Nova
27%
G19Tua
27%
G4Daga
26%
G10Jill
26%
G19Tora
26%
G21Viveka
26%
G1Alfa
25%
G2Bodil
25%
G4Dagny
25%
G8Hedda
25%
G12Leonora
25%
G12Lillemor
25%
G14Nanny
25%
G17Ragni
25%
G17Rosita
25%
G18Sabina
25%
G18Solveig
25%
G19Terese
25%
G9Ingela
24%
G19Thelma
24%
G2Bengta
23%
G4Denise
23%
G5Eivor
23%
G12Lotten
23%
G13Marlene
23%
G19Tyra
23%
G1Albertina
22%
G1Antonia
22%
G5Estrid
22%
G5Eugenia
22%
G9Ingalill
22%
G13Meja
22%
G1Arna
21%
G1Aslög
21%
G13Margita
21%
G13Michelle
21%
G17Regina
21%
G8Helvig
20%
G9Ingegerd
20%
G13Magna
20%
G13Malena
20%
G18Stephanie
20%
G18Svea
20%
G7Gunborg
19%
G7Gurli
19%
G8Hagar
19%
G21Vendla
19%
G12Lisen
18%
G13Magnhild
18%
G14Nicolina
18%
G19Teresia
18%
G7Gunlög
17%
G7Gunnevi
17%
G17Ragnborg
17%
G17Ramona
17%
G17Runa
17%
G19Torhild
17%
G21Vivan
17%
G19Tekla
16%
G23Ågot
14%
G19Torborg
14%
G21Vesta
14%
G17Rigmor
13%
G18Signhild
13%
G18Simone
13%
G19Tindra
13%
G20Urda
13%
G19Trude
12%

Tulosjakauma

Persentiili vastausten määrän mukaan

Jokaisen tuloksen saaneiden osuus

Tuloshistoriasi

Et ole pelannut tätä visaa